000 00572nam a22001937a 4500
005 20211026114626.0
008 211026b ||||| |||| 00| 0 eng d
040 _cAL
041 _aeng
082 _223
_a362.83
_bNAYW
100 _aRamesh C Nayak
_91801
245 _aWomen Gender and Equity:An Annotated Bibliography
260 _aNew Delhi
_bNational Labour Institute
_c1995
300 _aviii,141 p.
_bPB
_c23x14 cm.
650 _aWomen Gender and Equity
_91802
700 _aNAYAK (Ramesh C) ed.
_91803
700 _aJOSEPH (Cherian) ed.
_91804
942 _2ddc
_cGF
999 _c216697
_d216697